Los beneficios del crecimiento
Guardat en:
| Format: | Text |
|---|---|
| Matèries: | |
| Etiquetes: |
Afegir etiqueta
Sense etiquetes, Sigues el primer a etiquetar aquest registre!
|
MARC
| LEADER | 00000 a a2200000 04500 | ||
|---|---|---|---|
| 001 | 5797 | ||
| 003 | |||
| 040 | |||
| 245 | |a Los beneficios del crecimiento | ||
| 650 | |a CRECIMIENTO ECONOMICO | ||
| 650 | |a POLITICA ECONOMICA | ||
| 650 | |a ESTADO | ||
| 650 | |a EMPLEO | ||
| 650 | |a INGRESO | ||
| 650 | |a PRODUCTO INTERNO BRUTO | ||
| 773 | |g volumen 14, número 586; páginas 8-9 | ||
| 999 | |c 37137 |d 37137 | ||
